| 000 | 00755nam a22002177a 4500 | ||
|---|---|---|---|
| 999 |
_c5842 _d5842 |
||
| 003 | AR-CdUCM | ||
| 008 | 190313b ||||| |||| 00| 0 spa d | ||
| 040 |
_aMUNICIPALIDAD PROVINCIAL DEL CUSCO _cBIBLIOTECA MUNICIPAL DEL CUSCO |
||
| 041 | _heng | ||
| 082 |
_23ed. _a828.9 / _bP86 |
||
| 100 |
_aPriestley, John B. _917283 |
||
| 245 |
_aTeatro : _bHa llegado un inspector, tres piezas sobre el tiempo, Esquina peligrosa, Yo estuve aquí una vez, El tiempo y los conway / |
||
| 260 |
_aBuenos Aires : _bLosada, _c1958. |
||
| 300 |
_a309 páginas ; _c20 cm. |
||
| 440 |
_aGran teatro del mundo. _917284 |
||
| 650 |
_aTeatro inglés _91016 |
||
| 650 |
_aSiglo XX _98 |
||
| 700 |
_aBernárdez, Aurora (traductora) _92446 |
||
| 942 |
_2ddc _cLIBROS |
||
| 945 | _azta | ||